Score 0/31 Timer 08:00
1 Play Today
Capps Player % Correct
537*Ryan Giggs
97%
427*Paul Scholes
90.5%
449*Frank Lampard
86.1%
441Alan Shearer
83.5%
560*David James
78.7%
414Andrew Cole
78.5%
394*Rio Ferdinand
77.6%
366Roy Keane
73.8%
416*Jamie Carragher
72.2%
485Sol Campbell
71.9%
382*Gareth Barry
66.7%
454*Emile Heskey
63.5%
419Teddy Sheringham
61.2%
535Gary Speed
60.5%
375Dwight Yorke
57.2%
411Nicky Butt
56.5%
Capps Player % Correct
378Robbie Fowler
53.4%
410*Phil Neville
52.7%
383*Gary Neville
52.1%
389*Shay Given
50%
426Gareth Southgate
45.1%
387*Mark Schwarzer
43.3%
379Ray Parlour
37.5%
372Nigel Martyn
35.2%
365*George Boateng
26.8%
352Nigel Winterburn
26.6%
354*Kevin Davies
25.1%
365David Unsworth
24.5%
361Trevor Sinclair
23.4%
355Ugo Ehiogu
18.6%
363Chris Perry
15.4%
Remove Ads.
Support Sporcle.
Get the best of Sporcle when you Go Orange. This ad-free experience offers more features, more stats, and more fun while also helping to support Sporcle. Thank you for becoming a member.

You're not logged in!

Compare scores with friends on all Sporcle quizzes.
OR
Log In

Show Comments

Extras

Top Quizzes Today


Score Distribution

Your Account Isn't Verified!

In order to create a playlist on Sporcle, you need to verify the email address you used during registration. Go to your Sporcle Settings to finish the process.

Report this User

Report this user for behavior that violates our Community Guidelines.

Details: